Inovačná výkonnosť vybraných krajín Európskej únie diplomová práca

Enregistré dans:
Détails bibliographiques
Auteur principal: Fogašová, Martina
Collectivité auteur: Podnikovohospodárska fakulta EU so sídlom v Košiciach. Katedra ekonómie
Autres auteurs: Duľová Spišáková, Emília, 1983-
Format: Livre
Langue:slovaque
Publié: Košice 2016
Tags: Ajouter un tag
Pas de tags, Soyez le premier à ajouter un tag!

MARC

LEADER 00000nbm a2200000 4500
001 0217549
005 20240827092428.6
041 0 |a slo 
044 |a SK 
245 1 0 |a Inovačná výkonnosť vybraných krajín Európskej únie  |b diplomová práca  |c Martina Fogašová ; školiteľ: Emília Duľová Spišáková 
264 1 |a Košice  |c 2016 
300 |a 70 s. 
100 1 |a Fogašová, Martina 
700 1 |a Duľová Spišáková, Emília, 1983- 
710 2 |a Podnikovohospodárska fakulta EU so sídlom v Košiciach. Katedra ekonómie